[Event "Novi Sad TS 219th"]
[Site "Novi Sad"]
[Date "2021.10.26"]
[Round "3.1"]
[White "Mandic, Milenko"]
[Black "Aravind, PVS"]
[Result "1/2-1/2"]
[WhiteElo "1891"]
[BlackElo "1716"]
[PlyCount "37"]
[EventDate "2021.10.25"]
[EventType "schev"]
[EventRounds "8"]
[EventCountry "SRB"]
[SourceTitle "CBM 205 Extra"]
[Source "ChessBase"]
[SourceDate "2022.01.31"]
[SourceVersion "1"]
[SourceVersionDate "2022.01.31"]
[SourceQuality "1"]
[WhiteTeam "Team A"]
[BlackTeam "Team B"]
[WhiteTeamCountry "SRB"]
[BlackTeamCountry "SRB"]

1. d4 Nf6 2. Nf3 d5 3. Bf4 c5 4. c3 Nc6 5. e3 e6 6. Bd3 Bd6 7. Bg5 h6 8. Bh4 Qc7 9. Nbd2 e5 10. dxe5 Nxe5 11. Nxe5 Bxe5 12. Nf3 0-0 13. Nxe5 Qxe5 14. Qf3 Ne4 15. Bg3 Nxg3 16. hxg3 d4 17. Rh5 Qe7 18. cxd4 cxd4 19. Kf1 1/2-1/2

[Event "Vojvodina-chT"]
[Site "Kovacica"]
[Date "2019.11.08"]
[Round "11.1"]
[White "Pastar, Slaven"]
[Black "Mandic, Milenko"]
[Result "1-0"]
[WhiteElo "2280"]
[BlackElo "1904"]
[PlyCount "127"]
[EventDate "2019.11.01"]
[EventType "team-tourn"]
[EventRounds "11"]
[EventCountry "SRB"]
[SourceTitle "CBM 192 Extra"]
[Source "Chessbase"]
[SourceDate "2019.11.06"]
[SourceVersion "1"]
[SourceVersionDate "2019.11.06"]
[SourceQuality "1"]
[WhiteTeam "Cosic Opovo Bata"]
[BlackTeam "Indija Sloga"]
[WhiteTeamCountry "SRB"]
[BlackTeamCountry "SRB"]

1. d4 Nf6 2. c4 g6 3. Nf3 Bg7 4. g3 c6 5. Bg2 d5 6. 0-0 0-0 7. Nbd2 Bf5 8. h3 Ne4 9. Qb3 Qb6 10. e3 Nd7 11. g4 Qxb3 12. axb3 Nxd2 13. Bxd2 Be4 14. Ra4 b5 15. cxb5 Nb6 16. Ra5 Bd3 17. Rfa1 Bxb5 18. Rxa7 e6 19. Bb4 Rfc8 20. Bc5 Rxa7 21. Rxa7 Na8 22. Ng5 Nc7 23. Bb6 f6 24. Nf3 Na6 25. Bf1 Nb4 26. Bc5 Bf8 27. Bxf8 Rxf8 28. Bxb5 cxb5 29. Rb7 Rc8 30. Rxb5 Nd3 31. g5 Rc1+ 32. Kg2 fxg5 33. Rb8+ Kg7 34. Nxg5 Rc2 35. Rb7+ Kg8 36. Nxh7 Nxf2 37. Nf6+ Kf8 38. Kg3 Rxb2 39. b4 Nd1 40. Kf4 Rb3 41. Ng4 g5+ 42. Kxg5 Nxe3 43. Kf6 Ke8 44. Kxe6 Kd8 45. Nxe3 Rxe3+ 46. Kxd5 Rxh3 47. Rg7 Rh6 48. Kc5 Rh1 49. b5 Kc8 50. b6 Rc1+ 51. Kd6 Rb1 52. b7+ Kb8 53. d5 Rb2 54. Ke6 Re2+ 55. Kd7 Kxb7 56. Kd8+ Kb8 57. d6 Re6 58. d7 Re1 59. Rg4 Kb7 60. Rb4+ Ka7 61. Kc7 Rc1+ 62. Kd6 Rd1+ 63. Kc6 Ka8 64. Rb5 1-0

[Event "Vojvodina-chT"]
[Site "Kovacica"]
[Date "2019.11.07"]
[Round "10.1"]
[White "Mandic, Milenko"]
[Black "Bokros, Albert"]
[Result "0-1"]
[WhiteElo "1904"]
[BlackElo "2471"]
[PlyCount "54"]
[EventDate "2019.11.01"]
[EventType "team-tourn"]
[EventRounds "11"]
[EventCountry "SRB"]
[SourceTitle "CBM 192 Extra"]
[Source "Chessbase"]
[SourceDate "2019.11.06"]
[SourceVersion "1"]
[SourceVersionDate "2019.11.06"]
[SourceQuality "1"]
[WhiteTeam "Indija Sloga"]
[BlackTeam "Krajisnik Krajina"]
[WhiteTeamCountry "SRB"]
[BlackTeamCountry "SRB"]

1. d4 c5 2. d5 g6 3. e4 Bg7 4. c4 d6 5. Nc3 Nf6 6. Be2 0-0 7. h4 h5 8. Nh3 a6 9. f3 Nbd7 10. Bf4 Ne5 11. Bxe5 dxe5 12. Nf2 Bh6 13. Nd3 Qd6 14. g4 Be3 15. Rf1 b5 16. f4 Nxg4 17. Bxg4 Bxg4 18. fxe5 Qd8 19. Qb3 e6 20. Rf6 Bd4 21. Kd2 Bxe5 22. Rff1 Bg7 23. Rae1 exd5 24. Nxd5 Qxh4 25. cxb5 axb5 26. Qxb5 Rxa2 27. Qc4 Qh2+ 0-1

[Event "Vojvodina-chT"]
[Site "Kovacica"]
[Date "2019.11.05"]
[Round "6.1"]
[White "Mandic, Milenko"]
[Black "Varga, Zoltan"]
[Result "1-0"]
[WhiteElo "1904"]
[BlackElo "2424"]
[PlyCount "125"]
[EventDate "2019.11.01"]
[EventType "team-tourn"]
[EventRounds "11"]
[EventCountry "SRB"]
[SourceTitle "CBM 192 Extra"]
[Source "Chessbase"]
[SourceDate "2019.11.06"]
[SourceVersion "1"]
[SourceVersionDate "2019.11.06"]
[SourceQuality "1"]
[WhiteTeam "Indija Sloga"]
[BlackTeam "Backa Pacir"]
[WhiteTeamCountry "SRB"]
[BlackTeamCountry "SRB"]

1. d4 d5 2. Nf3 c6 3. c3 Bg4 4. Ne5 Bh5 5. Qb3 Qb6 6. Bf4 f6 7. Nd3 Nd7 8. e3 g5 9. Bg3 Nh6 10. h4 g4 11. Nf4 Bf7 12. Be2 Rg8 13. Nd2 Nf5 14. Qc2 Nxg3 15. fxg3 e5 16. Nd3 h5 17. 0-0 Bd6 18. Kh2 Bg6 19. Rf2 0-0-0 20. b4 Rde8 21. Nf1 Qc7 22. Qd2 b6 23. a4 Kd8 24. a5 Ke7 25. Nb2 Nf8 26. axb6 axb6 27. b5 Nd7 28. c4 exd4 29. exd4 c5 30. Bd3 cxd4 31. cxd5 Qc3 32. Re2+ Ne5 33. Ra7+ Kd8 34. Bxg6 Rxg6 35. Na4 Qxd2 36. Rxd2 Nd7 37. Rxd4 Re1 38. Nd2 Re3 39. Ne4 Be5 40. d6 Bxd4 41. Ra8+ Nb8 42. Rxb8+ Kd7 43. Rb7+ Kd8 44. Rb8+ Kd7 45. Rb7+ Kc8 46. d7+ Kd8 47. Nd6 Rg7 48. Nf5 Rxd7 49. Rxd7+ Kxd7 50. Nxd4 Re4 51. Nxb6+ Kc7 52. Nd5+ Kd6 53. Ne3 Kc5 54. Nef5 Re8 55. b6 Kxb6 56. Ng7 Re5 57. Nde6 Kc6 58. Nf4 Kd6 59. Ngxh5 f5 60. Ng7 Ra5 61. Ng6 Rb5 62. h5 Kd7 63. h6 1-0

[Event "Gligoric Cup 5th"]
[Site "Novi Sad"]
[Date "2018.11.07"]
[Round "5.2"]
[White "Maksimovic, Branimir"]
[Black "Mandic, Milenko"]
[Result "1-0"]
[WhiteElo "2313"]
[BlackElo "1892"]
[PlyCount "59"]
[EventDate "2018.11.04"]
[EventType "team-swiss"]
[EventRounds "5"]
[EventCountry "SRB"]
[SourceTitle "CBM 187 Extra"]
[Source "ChessBase"]
[SourceDate "2018.11.04"]
[SourceVersion "1"]
[SourceVersionDate "2018.11.04"]
[SourceQuality "1"]
[WhiteTeam "Valjevo"]
[BlackTeam "Indija Sloga"]
[WhiteTeamCountry "SRB"]
[BlackTeamCountry "SRB"]

1. d4 Nf6 2. c4 g6 3. Nc3 Bg7 4. e4 d6 5. Be2 0-0 6. Bg5 h6 7. Be3 Nc6 8. d5 Nb8 9. g4 Ne8 10. Qd2 Kh7 11. h4 e5 12. h5 g5 13. f3 Bd7 14. Bd3 c6 15. Nge2 Kg8 16. Ng3 f6 17. 0-0 c5 18. a3 a5 19. b4 b6 20. bxc5 dxc5 21. Rab1 Nd6 22. Rb2 Rf7 23. Rfb1 Ra6 24. Bxc5 Nxc4 25. Bxc4 Qc8 26. Qf2 Bf8 27. d6 Ra8 28. Rxb6 Na6 29. Bxa6 Rxa6 30. Nd5 1-0

[Event "Gligoric Cup 5th"]
[Site "Novi Sad"]
[Date "2018.11.04"]
[Round "1.6"]
[White "Dukic, Aleksandar"]
[Black "Mandic, Milenko"]
[Result "1/2-1/2"]
[WhiteElo "2092"]
[BlackElo "1892"]
[PlyCount "130"]
[EventDate "2018.11.04"]
[EventType "team-swiss"]
[EventRounds "5"]
[EventCountry "SRB"]
[SourceTitle "CBM 187 Extra"]
[Source "ChessBase"]
[SourceDate "2018.11.04"]
[SourceVersion "1"]
[SourceVersionDate "2018.11.04"]
[SourceQuality "1"]
[WhiteTeam "Gajdobra Hercegovac"]
[BlackTeam "Indija Sloga"]
[WhiteTeamCountry "SRB"]
[BlackTeamCountry "SRB"]

1. Nf3 Nf6 2. d4 d6 3. g3 c6 4. Bg2 g6 5. c4 Bg7 6. Nc3 0-0 7. 0-0 Qc7 8. e4 e5 9. h3 Nbd7 10. dxe5 dxe5 11. Be3 Rd8 12. b4 Nb6 13. Qe2 Be6 14. Nd2 Qd7 15. c5 Nc8 16. Nf3 Qc7 17. Ng5 Re8 18. Nxe6 Rxe6 19. Qc4 b5 20. cxb6 Nxb6 21. Qb3 Ree8 22. Rac1 Qb7 23. Rc2 Rab8 24. Rb1 Nbd7 25. Na4 Bf8 26. Qc4 Rec8 27. Nc5 Qb5 28. Nxd7 Nxd7 29. Qc3 a5 30. Bd2 axb4 31. Bf1 Qb7 32. Bc4 Nf6 33. Qf3 Kg7 34. Bg5 Ng8 35. h4 h6 36. Bc1 Qe7 37. Bb2 Nf6 38. g4 Nd7 39. h5 Qf6 40. Qxf6+ Kxf6 41. f4 Bc5+ 42. Kg2 gxh5 43. fxe5+ Ke7 44. Rf1 Rf8 45. gxh5 Rg8+ 46. Kh3 Rbf8 47. Rg2 Rxg2 48. Kxg2 Bb6 49. Rf5 Nc5 50. Rf6 Rg8+ 51. Kf3 Ne6 52. Bc1 Nd4+ 53. Kf4 Ne6+ 54. Kf3 Nd4+ 55. Kf4 Rg1 56. Be3 Rh1 57. Rxf7+ Ke8 58. Bxd4 Bxd4 59. e6 Rh4+ 60. Kf3 Rxh5 61. Rb7 Bc3 62. Rb8+ Ke7 63. Rb7+ Ke8 64. Rb8+ Ke7 65. Rb7+ Ke8 1/2-1/2

[Event "Silver Lake op-B"]
[Site "Veliko Gradiste"]
[Date "2018.06.18"]
[Round "3"]
[White "Ilic, Aleksandar"]
[Black "Mandic, Milenko"]
[Result "1-0"]
[WhiteElo "2126"]
[BlackElo "1959"]
[PlyCount "93"]
[EventDate "2018.06.17"]
[EventType "swiss"]
[EventRounds "9"]
[EventCountry "SRB"]
[SourceTitle "EXT 2019"]
[Source "ChessBase"]
[SourceDate "2018.10.10"]
[SourceVersion "1"]
[SourceVersionDate "2018.10.10"]
[SourceQuality "1"]

1. e4 d6 2. d4 Nf6 3. Nc3 g6 4. h3 c6 5. Nf3 Bg7 6. a4 b6 7. Bc4 Ba6 8. Bb3 0-0 9. Be3 Nbd7 10. e5 dxe5 11. dxe5 Nd5 12. Nxd5 cxd5 13. Bxd5 Nxe5 14. Nxe5 Bxe5 15. c3 Rc8 16. Qb3 e6 17. Bf3 Bc4 18. Qc2 Qd3 19. Qxd3 Bxd3 20. 0-0-0 Rfd8 21. Rd2 Ba6 22. Rhd1 Bf6 23. Rd7 Rxd7 24. Rxd7 Bc4 25. Rxa7 Bd8 26. Bb7 Rc7 27. Bxb6 Rd7 28. Ra8 Rxb7 29. Rxd8+ Kg7 30. a5 Bf1 31. g3 Bxh3 32. Bd4+ e5 33. a6 Re7 34. Bc5 Rc7 35. a7 Bg2 36. Bf8+ Kf6 37. Bc5 Kg7 38. Bf8+ Kf6 39. a8Q Bxa8 40. Rxa8 Kf5 41. Kc2 Kg4 42. b4 Kf3 43. Bd6 Rc6 44. Bxe5 Kxf2 45. b5 Re6 46. b6 Rxe5 47. b7 1-0

[Event "Vojvodina-chT"]
[Site "Novi Sad"]
[Date "2017.11.18"]
[Round "7.6"]
[White "Gajcin, Marina"]
[Black "Mandic, Milenko"]
[Result "1-0"]
[WhiteElo "2135"]
[BlackElo "1967"]
[PlyCount "41"]
[EventDate "2017.11.13"]
[EventType "team-tourn"]
[EventRounds "11"]
[EventCountry "SRB"]
[SourceTitle "CBM 181 Extra"]
[Source "ChessBase"]
[SourceDate "2017.12.12"]
[SourceVersion "1"]
[SourceVersionDate "2017.12.12"]
[SourceQuality "1"]
[WhiteTeam "Sombor"]
[BlackTeam "Indija Sloga"]
[WhiteTeamCountry "SRB"]
[BlackTeamCountry "SRB"]

1. e4 d6 2. d4 Nf6 3. Nc3 g6 4. Nf3 c6 5. a4 Bg7 6. Be3 Nbd7 7. h3 b6 8. e5 Ng8 9. Bc4 d5 10. Nxd5 cxd5 11. Bxd5 Rb8 12. Bxf7+ Kf8 13. Ng5 Bb7 14. Bb3 Qc8 15. Qg4 Nxe5 16. Ne6+ Kf7 17. Qf4+ Nf6 18. dxe5 h6 19. 0-0-0 g5 20. Nxg5+ Kg6 21. Bf7# 1-0

[Event "Vojvodina-chT"]
[Site "Novi Sad"]
[Date "2017.11.18"]
[Round "8.6"]
[White "Krejic, Igor"]
[Black "Mandic, Milenko"]
[Result "1/2-1/2"]
[WhiteElo "2264"]
[BlackElo "1967"]
[PlyCount "115"]
[EventDate "2017.11.13"]
[EventType "team-tourn"]
[EventRounds "11"]
[EventCountry "SRB"]
[SourceTitle "CBM 181 Extra"]
[Source "ChessBase"]
[SourceDate "2017.12.12"]
[SourceVersion "1"]
[SourceVersionDate "2017.12.12"]
[SourceQuality "1"]
[WhiteTeam "Novi Sad Vojvodina"]
[BlackTeam "Indija Sloga"]
[WhiteTeamCountry "SRB"]
[BlackTeamCountry "SRB"]

1. e4 d6 2. d4 Nf6 3. Nc3 g6 4. Nf3 Bg7 5. Be2 0-0 6. h3 Nc6 7. 0-0 e5 8. dxe5 dxe5 9. Be3 h6 10. Qc1 Kh7 11. Rd1 Bd7 12. Bc4 Na5 13. Nxe5 Qe7 14. Nxd7 Nxd7 15. Nd5 Qxe4 16. Bd3 Qe5 17. Qd2 Nc6 18. c3 Nf6 19. Nf4 Rad8 20. Qc2 Ne7 21. Re1 Rfe8 22. g3 c5 23. Rad1 Qc7 24. h4 h5 25. Nh3 c4 26. Bf1 Ned5 27. Bd4 b5 28. Bg2 Ne7 29. Nf4 Kg8 30. Bh3 Ned5 31. Nxd5 Rxe1+ 32. Rxe1 Rxd5 33. Qe2 Rd8 34. Qe7 Qxe7 35. Rxe7 Nd5 36. Rxa7 Bxd4 37. cxd4 Nb4 38. Bd7 Nd3 39. Bxb5 Rxd4 40. b3 Ne5 41. Bxc4 Nxc4 42. bxc4 Rxc4 43. a4 Rc3 44. Kg2 Ra3 45. a5 Kg7 46. Ra8 Kh7 47. Kf1 Ra2 48. Kg2 Ra3 49. a6 Kg7 50. a7 Kf6 51. Kf1 Ra2 52. Kg2 Ra3 53. f3 Ra2+ 54. Kh3 Ra3 55. Kg2 Ra2+ 56. Kf1 Ra1+ 57. Ke2 Ra2+ 58. Ke3 1/2-1/2

[Event "Gligoric Cup 4th"]
[Site "Novi Banovci"]
[Date "2017.05.25"]
[Round "1.6"]
[White "Mandic, Milenko"]
[Black "Kovacevic, Dragan"]
[Result "0-1"]
[WhiteElo "1925"]
[BlackElo "2244"]
[PlyCount "74"]
[EventDate "2017.05.25"]
[EventType "team-swiss"]
[EventRounds "5"]
[EventCountry "SRB"]
[SourceTitle "CBM 178 Extra"]
[Source "ChessBase"]
[SourceDate "2017.06.22"]
[SourceVersion "1"]
[SourceVersionDate "2017.06.22"]
[SourceQuality "1"]
[WhiteTeam "Indija Sloga"]
[BlackTeam "Stara Pazova"]
[WhiteTeamCountry "SRB"]
[BlackTeamCountry "SRB"]

1. d4 b6 2. Nf3 Bb7 3. Bf4 Nf6 4. e3 Nh5 5. Bg5 h6 6. Bh4 g5 7. Ne5 Nf6 8. Bg3 d6 9. Nf3 Ne4 10. Nbd2 Nxg3 11. hxg3 Bg7 12. c3 Nd7 13. Qb3 e6 14. a4 a5 15. Bd3 Qe7 16. Be4 Bxe4 17. Nxe4 c5 18. Qb5 d5 19. Ned2 0-0 20. Qd3 Rad8 21. Ne5 Bxe5 22. dxe5 Nxe5 23. Qe2 f5 24. Rxh6 Kg7 25. Rh1 c4 26. Kf1 Rh8 27. Rg1 g4 28. f3 Qc5 29. e4 dxe4 30. fxe4 fxe4 31. Nxe4 Rhf8+ 32. Nf2 Rxf2+ 33. Qxf2 Rf8 34. Qxf8+ Qxf8+ 35. Ke2 Qf5 36. Rad1 Qc2+ 37. Rd2 Qe4+ 0-1

[Event "Vojvodina-chT"]
[Site "Kac"]
[Date "2016.11.20"]
[Round "9.3"]
[White "Mandic, Milenko"]
[Black "Azaric, Slavko"]
[Result "1-0"]
[WhiteElo "1894"]
[BlackElo "2283"]
[PlyCount "77"]
[EventDate "2016.11.15"]
[EventType "team-tourn"]
[EventRounds "11"]
[EventCountry "SRB"]
[SourceTitle "CBM 175 Extra"]
[Source "ChessBase"]
[SourceDate "2016.12.12"]
[SourceVersion "1"]
[SourceVersionDate "2016.12.12"]
[SourceQuality "1"]
[WhiteTeam "Sloga"]
[BlackTeam "Banovci Dunav"]
[WhiteTeamCountry "SRB"]
[BlackTeamCountry "SRB"]

1. d4 Nf6 2. Bf4 d6 3. c3 b6 4. Nf3 g6 5. e3 Bg7 6. Bb5+ c6 7. Be2 Bb7 8. a4 a6 9. Nbd2 c5 10. Qb3 Nbd7 11. 0-0 Qc7 12. Bc4 e6 13. Bxe6 0-0 14. Bc4 Qc6 15. d5 Qc7 16. e4 Nh5 17. Be3 Rae8 18. Qc2 h6 19. Qd3 Qc8 20. Rac1 g5 21. h3 Re7 22. Bb3 b5 23. axb5 axb5 24. c4 b4 25. Bc2 Rfe8 26. e5 Nxe5 27. Qh7+ Kf8 28. Bxg5 hxg5 29. Qxh5 Nxf3+ 30. Nxf3 Bxb2 31. Nxg5 Bg7 32. g4 Qc7 33. Nh7+ Kg8 34. g5 Re5 35. Nf6+ Bxf6 36. Qh7+ Kf8 37. gxf6 Rg5+ 38. Kh2 Re2 39. Rce1 1-0

[Event "Vojvodina-chT"]
[Site "Kac"]
[Date "2016.11.19"]
[Round "6.2"]
[White "Mandic, Milenko"]
[Black "Kopasz, Robert"]
[Result "0-1"]
[WhiteElo "1894"]
[BlackElo "2260"]
[PlyCount "86"]
[EventDate "2016.11.15"]
[EventType "team-tourn"]
[EventRounds "11"]
[EventCountry "SRB"]
[SourceTitle "CBM 175 Extra"]
[Source "ChessBase"]
[SourceDate "2016.12.12"]
[SourceVersion "1"]
[SourceVersionDate "2016.12.12"]
[SourceQuality "1"]
[WhiteTeam "Sloga"]
[BlackTeam "Senta"]
[WhiteTeamCountry "SRB"]
[BlackTeamCountry "SRB"]

1. d4 g6 2. Nf3 Bg7 3. c3 Nf6 4. Bf4 d6 5. e3 Nh5 6. Bg5 h6 7. Bh4 g5 8. Nfd2 Nf6 9. Bg3 Nc6 10. Bb5 Bd7 11. Na3 a6 12. Ba4 e5 13. dxe5 dxe5 14. 0-0 Qe7 15. Qc2 Nh5 16. Rad1 0-0 17. Nf3 b5 18. Bb3 Na5 19. Bxe5 Nxb3 20. Bxg7 Nxg7 21. axb3 Bg4 22. Qe2 Ne6 23. Rfe1 Rfe8 24. h3 Nf4 25. Qf1 Nxh3+ 26. Kh2 Qf6 27. Rd4 Bxf3 28. gxf3 Qxf3 29. Rd2 Re4 30. Qg2 Qh5 31. Qxh3 Rh4 32. Qxh4 Qxh4+ 33. Kg2 Qg4+ 34. Kf1 Re8 35. Nc2 Qh3+ 36. Ke2 g4 37. Kd1 h5 38. Rg1 Qh2 39. Rg3 f5 40. Ne1 h4 41. Rg2 Qh1 42. Rd5 h3 43. Rg3 Qxd5+ 0-1

[Event "Calvia op 4th"]
[Site "Calvia"]
[Date "2007.10.23"]
[Round "9"]
[White "Mandic, Milenko"]
[Black "Habibi, Ali"]
[Result "1-0"]
[WhiteElo "2064"]
[BlackElo "2269"]
[PlyCount "109"]
[EventDate "2007.10.15"]
[EventType "swiss"]
[EventRounds "9"]
[EventCountry "ESP"]
[SourceTitle "CBM 120 Extra"]
[Source "ChessBase"]
[SourceDate "2007.11.01"]
[SourceVersion "1"]
[SourceVersionDate "2007.11.01"]
[SourceQuality "1"]

1. d4 d6 2. Nc3 g6 3. e4 Bg7 4. Be2 Nf6 5. Be3 c6 6. Nf3 Ng4 7. Bg5 Qb6 8. Rb1 h6 9. Bh4 g5 10. Bg3 Nf6 11. e5 dxe5 12. Nxe5 Be6 13. 0-0 h5 14. h3 Nbd7 15. Na4 Qd8 16. Nxd7 Nxd7 17. Bxh5 Bxa2 18. Ra1 Nf6 19. Be2 Be6 20. Nc5 Bc8 21. Bf3 Kf8 22. Re1 Ng8 23. c3 f5 24. Qb3 f4 25. Bh2 Qc7 26. Bg4 b6 27. Ne6+ Bxe6 28. Rxe6 Rh6 29. Rae1 Rd8 30. Qc2 Bf6 31. Qf5 Rd5 32. R1e5 Rd6 33. g3 f3 34. Bxf3 Kg7 35. Re1 Rxe6 36. Rxe6 c5 37. g4 Qd8 38. Be5 cxd4 39. cxd4 Rxh3 40. Kg2 Rh6 41. Qxg5+ Rg6 42. Qh5 Rh6 43. Qf5 Bxe5 44. Qxe5+ Kf8 45. Rxh6 Nxh6 46. Bd5 Nf7 47. Qf5 Qe8 48. f4 Kg7 49. Qxf7+ Qxf7 50. Bxf7 Kxf7 51. Kf3 Ke6 52. Ke4 a5 53. g5 b5 54. f5+ Kf7 55. d5 1-0

[Event "Calvia op 4th"]
[Site "Calvia"]
[Date "2007.10.22"]
[Round "8"]
[White "Tscharotschkin, Michael"]
[Black "Mandic, Milenko"]
[Result "1-0"]
[WhiteElo "2290"]
[BlackElo "2064"]
[PlyCount "63"]
[EventDate "2007.10.15"]
[EventType "swiss"]
[EventRounds "9"]
[EventCountry "ESP"]
[SourceTitle "CBM 120 Extra"]
[Source "ChessBase"]
[SourceDate "2007.11.01"]
[SourceVersion "1"]
[SourceVersionDate "2007.11.01"]
[SourceQuality "1"]

1. e4 d6 2. d4 Nf6 3. Bd3 c5 4. c3 Nc6 5. Nf3 Bg4 6. d5 Ne5 7. Nxe5 dxe5 8. f3 Bd7 9. 0-0 g6 10. Be3 Rc8 11. Na3 Bg7 12. Nc4 b5 13. Nxe5 Nxd5 14. exd5 Bxe5 15. Bh6 c4 16. Bc2 e6 17. f4 Bf6 18. Re1 Be7 19. Kh1 Bf8 20. Qd4 Rg8 21. Bg5 Qb6 22. Qe4 Be7 23. Qf3 h6 24. Bxh6 Rh8 25. Bg7 Rh5 26. Bd4 Bc5 27. dxe6 Bxe6 28. f5 Bxd4 29. cxd4 Qxd4 30. fxe6 f5 31. Rad1 Qf6 32. Qb7 1-0

[Event "Calvia Amateur op 4th"]
[Site "Calvia"]
[Date "2007.10.07"]
[Round "2"]
[White "Fleischer, Frank"]
[Black "Mandic, Milenko"]
[Result "1-0"]
[WhiteElo "2149"]
[BlackElo "2064"]
[PlyCount "41"]
[EventDate "2007.10.06"]
[EventType "swiss"]
[EventRounds "9"]
[EventCountry "ESP"]
[SourceTitle "CBM 120 Extra"]
[Source "ChessBase"]
[SourceDate "2007.11.01"]
[SourceVersion "1"]
[SourceVersionDate "2007.11.01"]
[SourceQuality "1"]

1. e4 d6 2. d4 Nf6 3. Bd3 Nc6 4. c3 e5 5. Ne2 d5 6. exd5 Qxd5 7. 0-0 e4 8. Re1 Bg4 9. f3 0-0-0 10. Nf4 exf3 11. Nxd5 f2+ 12. Kxf2 Bxd1 13. Nxf6 gxf6 14. Rxd1 Bd6 15. g3 h5 16. Bf4 h4 17. Bxd6 Rxd6 18. g4 h3 19. Nd2 Rg8 20. Bf5+ Kd8 21. Ne4 1-0

[Event "Berlin Lichtenberger op 6th"]
[Site "Berlin"]
[Date "2007.??.??"]
[Round "?"]
[White "Kornrumpf, Joachim"]
[Black "Mandic, Milenko"]
[Result "1-0"]
[WhiteElo "2132"]
[BlackElo "2084"]
[PlyCount "189"]
[EventDate "2007.08.18"]
[EventType "swiss"]
[EventRounds "9"]
[EventCountry "GER"]
[SourceTitle "CBM 120 Extra"]
[Source "ChessBase"]
[SourceDate "2007.11.01"]
[SourceVersion "1"]
[SourceVersionDate "2007.11.01"]
[SourceQuality "1"]

1. b3 Nf6 2. Bb2 g6 3. c4 Bg7 4. Nf3 d6 5. g3 c6 6. Bg2 Bg4 7. d3 Qc8 8. h3 Bd7 9. Nbd2 Na6 10. Ne4 0-0 11. Nxf6+ exf6 12. Qd2 Nc5 13. Qf4 Qc7 14. 0-0 Rae8 15. Rfe1 Bf5 16. Rad1 Qd7 17. Kh2 g5 18. Qd2 Bg6 19. Bc3 h5 20. Qb2 g4 21. hxg4 hxg4 22. Nh4 Qd8 23. e4 Nd7 24. Re2 Kh7 25. b4 Rh8 26. b5 Kg8 27. Kg1 Ne5 28. Bxe5 fxe5 29. bxc6 bxc6 30. Nxg6 fxg6 31. Qb7 c5 32. Rb1 Rh5 33. Qd5+ Kh7 34. Reb2 Qg5 35. Rb7 Re7 36. Rb8 Qf6 37. Qg8+ Kh6 38. R8b7 Kg5 39. Qd5 Rh8 40. Rxe7 Qxe7 41. Rb7 Qf8 42. Qf7 Qxf7 43. Rxf7 Bf6 44. Rxa7 Rb8 45. a4 Bd8 46. a5 Rb1+ 47. Bf1 Ra1 48. a6 Ba5 49. Rf7 Bd8 50. Rd7 Ba5 51. Rb7 Bc3 52. a7 Bd4 53. Rf7 Ra2 54. Be2 Ra1+ 55. Kg2 Kh5 56. Bd1 Kg5 57. Be2 Ra2 58. Bd1 Ra1 59. Bb3 Kh6 60. Rb7 Kg5 61. Bc2 Ra2 62. Rf7 Ra1 63. Bb1 Kh6 64. f4 gxf3+ 65. Kxf3 Kg5 66. Rb7 Ra3 67. Rf7 Kh5 68. Rh7+ Kg5 69. Rf7 Bc3 70. Rd7 Ra1 71. Rh7 Kf6 72. Kg4 Bd2 73. Bc2 Be3 74. Rb7 Bh6 75. Bd1 Be3 76. Bf3 Bf2 77. Bg2 Ra3 78. Kf3 Be1 79. Bh3 Ra2 80. Bd7 Kg5 81. Bc6 Bc3 82. Rh7 Bd4 83. g4 Rf2+ 84. Kg3 Rd2 85. a8Q Rxd3+ 86. Kg2 Rd2+ 87. Kf1 Kf4 88. Qf8+ Kg3 89. Ke1 Rd3 90. Qf6 Re3+ 91. Kd2 Kg2 92. Qh4 d5 93. Qh2+ Kf3 94. Qh3+ Kf4 95. Rf7+ 1-0

[Event "Berlin op 09"]
[Site "Berlin"]
[Date "2006.10.08"]
[Round "9"]
[White "Maahs, Erich"]
[Black "Mandic, Milenko"]
[Result "1-0"]
[WhiteElo "2183"]
[BlackElo "2105"]
[PlyCount "79"]
[EventDate "2006.09.30"]
[EventType "swiss"]
[EventRounds "9"]
[EventCountry "GER"]
[SourceTitle "EXT 2007"]
[Source "ChessBase"]
[SourceDate "2006.11.23"]
[SourceVersion "1"]
[SourceVersionDate "2006.11.23"]
[SourceQuality "1"]

1. e4 d6 2. d4 g6 3. Nc3 Bg7 4. f4 c6 5. Be3 Qb6 6. Rb1 e5 7. Nf3 Bg4 8. fxe5 dxe5 9. Qd2 Bxf3 10. dxe5 Qc7 11. gxf3 Bxe5 12. Rd1 Ne7 13. Bh6 Nd7 14. f4 Bf6 15. Bh3 Bh4+ 16. Kf1 f5 17. e5 0-0-0 18. Qe3 Nb6 19. Kg2 Kb8 20. Rxd8+ Rxd8 21. Rd1 Rxd1 22. Nxd1 Qd7 23. Qd3 Ned5 24. a3 Kc7 25. Kf3 Na4 26. Bf8 Be7 27. Bxe7 Qxe7 28. Qd4 Qh4 29. Nf2 Nxb2 30. c4 Qxf4+ 31. Qxf4 Nxf4 32. Kxf4 Nxc4 33. Bf1 Nxa3 34. Kg5 Kd8 35. Kf6 Ke8 36. Nh3 b5 37. Bg2 Nc4 38. Bxc6+ Kf8 39. e6 Nd6 40. e7+ 1-0